| 000 | 00396nam a22001577a 4500 | ||
|---|---|---|---|
| 003 | SGT | ||
| 020 | _a 9788131246986 | ||
| 082 |
_a617.632 _bM16D |
||
| 100 | _a Dean, Jeffrey | ||
| 245 | _aMcDonald and Avery's Dentistry for the Child and Adolescent | ||
| 250 | _aFirst South Asia | ||
| 260 |
_aNEW DELHI _bElsevier India _c2016 |
||
| 300 | _a700 | ||
| 650 | _aPEDODONTICS | ||
| 942 |
_2ddc _cBK _013 |
||
| 999 |
_c15577 _d15577 |
||